00454nam a2200193 a 4500001001300000003000900013005001700022008004100039020001000080082001600090100001500106245002400121260003000145300000800175500003500183505001000218650001700228700001500245nice12345678IN_TiNIC20260116011809.0050524s1918 mada grp 000 0 urd  ac10000a491.44bHYD aHyder, Ali aKhulasatul Qawaneen aMadrasbMatba Azizic1918 a48p aincludes index and biblioraphy2 aIndex aUrdu-Grammar1 aHyder, Ali